00281nam a2200109Ia 4500008004100000041000800041082002600049100001700075245003300092260003700125300000900162230411s9999 xx 000 0 und d aeng aP/610.7362/BEE/B07334 aBeevi Assuma aPediatric Nursing Care Plans bJaypee BrothersaNew Delhic2012 a364p